[Event "BCF-chT3S 1819 (4NCL) Demotion pool"]
[Site "England"]
[Date "2019.04.14"]
[Round "8.85"]
[White "McCorry, Robert T"]
[Black "John, Joshua"]
[Result "1-0"]
[WhiteElo "2007"]
[BlackElo "1665"]
[PlyCount "93"]
[EventDate "2019.04.14"]
[EventType "team-tourn"]
[EventRounds "11"]
[EventCountry "ENG"]
[SourceTitle "EXT 2021"]
[Source "ChessBase"]
[SourceDate "2020.10.23"]
[SourceVersion "1"]
[SourceVersionDate "2020.10.23"]
[SourceQuality "1"]
[WhiteTeam "Poisoned Pawns"]
[BlackTeam "CSC Dragons II"]
[WhiteTeamCountry "ENG"]
[BlackTeamCountry "ENG"]

1. d4 Nf6 2. c4 g6 3. g3 Bg7 4. Bg2 d6 5. Nf3 0-0 6. 0-0 Nbd7 7. Nc3 e5 8. e4 Re8 9. Re1 exd4 10. Nxd4 Ne5 11. b3 Bg4 12. f3 Bd7 13. Bb2 a6 14. Qd2 Qc8 15. Rac1 Bh3 16. Bh1 Bd7 17. Nc2 Qb8 18. Ne3 c6 19. Rcd1 Re6 20. Ne2 Bf8 21. f4 Neg4 22. Nxg4 Nxg4 23. Nd4 Qa7 24. Bf3 Ree8 25. Kg2 Bg7 26. Ba3 d5 27. cxd5 cxd5 28. e5 Bh6 29. e6 Nf6 30. exd7 Nxd7 31. Rxe8+ Rxe8 32. Bxd5 Nf6 33. Bf3 Bg7 34. Bd6 Ne4 35. Bxe4 Rxe4 36. Nf3 Qb6 37. Be5 Bf8 38. Ng5 Re3 39. Qd5 Qc6 40. Qxc6 bxc6 41. Kf2 Rxe5 42. fxe5 Be7 43. Ne4 Kg7 44. Rd7 Bb4 45. Nd6 Bc5+ 46. Kf3 Bxd6 47. exd6 1-0

[Event "BCF-chT3Sb 1819 (4NCL)"]
[Site "England"]
[Date "2019.02.09"]
[Round "5.55"]
[White "McCorry, Robert T"]
[Black "Fowler, David W"]
[Result "0-1"]
[WhiteElo "2019"]
[BlackElo "1948"]
[PlyCount "56"]
[EventDate "2018.11.17"]
[EventType "team-tourn"]
[EventRounds "7"]
[EventCountry "ENG"]
[SourceTitle "EXT 2021"]
[Source "ChessBase"]
[SourceDate "2020.10.23"]
[SourceVersion "1"]
[SourceVersionDate "2020.10.23"]
[SourceQuality "1"]
[WhiteTeam "Poisoned Pawns"]
[BlackTeam "CSC"]
[WhiteTeamCountry "ENG"]
[BlackTeamCountry "ENG"]

1. e4 c6 2. d4 d5 3. Nd2 dxe4 4. Nxe4 Bf5 5. Ng3 Bg6 6. h4 h6 7. Nf3 Nd7 8. h5 Bh7 9. Bd3 Bxd3 10. Qxd3 e6 11. Bd2 Ngf6 12. 0-0-0 Be7 13. Kb1 0-0 14. Ne4 Nxe4 15. Qxe4 Nf6 16. Qe2 Qd5 17. Be3 b5 18. Ne5 Rab8 19. g4 Ne4 20. g5 b4 21. gxh6 Nc3+ 22. bxc3 bxc3+ 23. Ka1 Rb4 24. h7+ Kh8 25. Rb1 Ra4 26. Nc4 Rxc4 27. Rhg1 Ra4 28. Rb3 Qa5 0-1

[Event "BCF-chT3Sb 1819 (4NCL)"]
[Site "England"]
[Date "2019.01.12"]
[Round "3.56"]
[White "McCorry, Robert T"]
[Black "Trevelyan, John"]
[Result "1/2-1/2"]
[WhiteElo "2008"]
[BlackElo "1996"]
[PlyCount "114"]
[EventDate "2018.11.17"]
[EventType "team-tourn"]
[EventRounds "7"]
[EventCountry "ENG"]
[SourceTitle "EXT 2021"]
[Source "ChessBase"]
[SourceDate "2020.10.23"]
[SourceVersion "1"]
[SourceVersionDate "2020.10.23"]
[SourceQuality "1"]
[WhiteTeam "Poisoned Pawns"]
[BlackTeam "Rhyfelwyr Essyllwg"]
[WhiteTeamCountry "ENG"]
[BlackTeamCountry "ENG"]

1. d4 d6 2. c4 e5 3. d5 g6 4. e4 Bh6 5. Nc3 Bxc1 6. Qxc1 Nd7 7. Bd3 Nc5 8. Bc2 a5 9. Nge2 h6 10. 0-0 Nf6 11. f4 Nfd7 12. b3 exf4 13. Qxf4 Ne5 14. a3 Qg5 15. Nb5 Qxf4 16. Rxf4 Kd8 17. h3 Bd7 18. Ned4 Bxb5 19. Nxb5 Kd7 20. Nd4 Ke7 21. Rd1 Rhe8 22. Nb5 Na6 23. Nc3 Kf8 24. Rdf1 Kg7 25. Na4 Re7 26. R4f2 b6 27. Nc3 Nc5 28. Rd1 Rae8 29. Nb5 g5 30. Nd4 Kg6 31. Rdf1 Rg8 32. Nf5 Ree8 33. b4 axb4 34. axb4 Ncd7 35. Ba4 Rgf8 36. g4 Ra8 37. Ne7+ Kg7 38. Nf5+ Kg6 39. Bb5 f6 40. Nd4 Ra3 41. Ne6 Rc8 42. Bxd7 Nxd7 43. c5 bxc5 44. bxc5 dxc5 45. Rf3 Rxf3 46. Rxf3 Ne5 47. Rc3 c4 48. Kf2 Kf7 49. Ke3 Ke7 50. Nd4 Kd6 51. Nc2 Rb8 52. Kd4 Rb3 53. Ne3 c5+ 54. dxc6 Nxc6+ 55. Kxc4 Rxc3+ 56. Kxc3 Ke5 57. Kd3 Nb4+ 1/2-1/2

[Event "BCF-chT4S 1718 (4NCL)"]
[Site "England"]
[Date "2018.05.06"]
[Round "10.201"]
[White "McCorry, Robert T"]
[Black "Tombolis, Christopher"]
[Result "0-1"]
[WhiteElo "1989"]
[BlackElo "1844"]
[PlyCount "106"]
[EventDate "2017.11.11"]
[EventType "team-swiss"]
[EventRounds "11"]
[EventCountry "ENG"]
[SourceTitle "EXT 2020"]
[Source "ChessBase"]
[SourceDate "2019.10.17"]
[SourceVersion "1"]
[SourceVersionDate "2019.10.17"]
[SourceQuality "1"]
[WhiteTeam "Poisoned Pawns II"]
[BlackTeam "KJCA Kings II"]
[WhiteTeamCountry "ENG"]
[BlackTeamCountry "ENG"]

1. e4 c5 2. Nf3 Nc6 3. d4 cxd4 4. Nxd4 Nf6 5. Nc3 g6 6. Be3 Bg7 7. Bc4 0-0 8. f3 Qb6 9. Qd2 Nxe4 10. fxe4 Bxd4 11. Bxd4 Qxd4 12. Qxd4 Nxd4 13. 0-0-0 Nc6 14. Rhe1 d6 15. Nb5 Bg4 16. Rd2 a6 17. Nc3 b5 18. Bb3 Rac8 19. h3 Be6 20. Bxe6 fxe6 21. Nd1 Ne5 22. b3 Rf4 23. Kb2 Rcf8 24. Ree2 Rf1 25. Nf2 Rg1 26. Nd3 Nxd3+ 27. Rxd3 Rff1 28. Ka3 a5 29. c4 bxc4 30. bxc4 Rc1 31. Ka4 Rxc4+ 32. Kxa5 Rc5+ 33. Kb6 Rgc1 34. Rb3 Rc7 35. a4 R1c6+ 36. Kb5 Rc5+ 37. Ka6 Rc8 38. Ra2 Ra8+ 39. Kb7 Rg5 40. Rb4 Kf7 41. Kc6 Ke8 42. Kc7 Rc5+ 43. Kb7 Rcc8 44. Rc4 Rd8 45. a5 Rab8+ 46. Ka7 Kd7 47. a6 Ra8+ 48. Kb6 Rdb8+ 49. Ka5 Rxa6+ 50. Kxa6 Ra8+ 51. Kb5 Rxa2 52. g4 Ra3 53. h4 Rh3 0-1

[Event "BCF-chT4S 1718 (4NCL)"]
[Site "England"]
[Date "2018.03.24"]
[Round "7.83"]
[White "Majer, Christopher"]
[Black "McCorry, Robert T"]
[Result "0-1"]
[WhiteElo "1874"]
[BlackElo "1989"]
[PlyCount "124"]
[EventDate "2017.11.11"]
[EventType "team-swiss"]
[EventRounds "11"]
[EventCountry "ENG"]
[SourceTitle "EXT 2020"]
[Source "ChessBase"]
[SourceDate "2019.10.17"]
[SourceVersion "1"]
[SourceVersionDate "2019.10.17"]
[SourceQuality "1"]
[WhiteTeam "MK Phoenix II"]
[BlackTeam "Poisoned Pawns II"]
[WhiteTeamCountry "ENG"]
[BlackTeamCountry "ENG"]

1. e4 c6 2. Nf3 d5 3. exd5 cxd5 4. Ne5 Nf6 5. d4 g6 6. c3 Bg7 7. Bd3 0-0 8. Nd2 Nc6 9. Ndf3 Nd7 10. Nxc6 bxc6 11. 0-0 c5 12. Be3 cxd4 13. Nxd4 Ne5 14. Re1 Nxd3 15. Qxd3 Bd7 16. Bg5 Re8 17. Re2 f6 18. Bh4 e5 19. Nb3 Bf5 20. Qd2 Qd6 21. Rd1 Rad8 22. f3 Bc8 23. Bf2 Ba6 24. Ree1 Qc7 25. Nc5 Bc8 26. Qc2 Bf8 27. b4 Kh8 28. Qb3 Bxc5 29. Bxc5 Be6 30. Qa3 Ra8 31. Qa6 Kg7 32. Re2 Bc8 33. Qa4 Bd7 34. Qa6 Re6 35. Qd3 Bc6 36. Qe3 Bb5 37. Red2 Bc4 38. a4 Ree8 39. Re1 a6 40. a5 Qc6 41. Bb6 Rac8 42. Red1 Bb3 43. Rb1 Bc4 44. Qc5 Qe6 45. Qe3 Rc6 46. Rbd1 Rec8 47. Rc1 Bb5 48. Rdd1 Ba4 49. Re1 Qf5 50. Qd2 Bb3 51. Be3 g5 52. Qb2 Bc4 53. Qf2 Bb5 54. Qc2 Qxc2 55. Rxc2 Rxc3 56. Rxc3 Rxc3 57. Bc5 Rc2 58. Rd1 d4 59. h3 Kf7 60. Re1 d3 61. Kh2 d2 62. Rd1 Be2 0-1

[Event "BCF-chT4S 1718 (4NCL)"]
[Site "England"]
[Date "2017.11.11"]
[Round "1.42"]
[White "Isaksen, Peter A"]
[Black "McCorry, Robert T"]
[Result "0-1"]
[WhiteElo "1785"]
[BlackElo "1989"]
[PlyCount "106"]
[EventDate "2017.11.11"]
[EventType "team-swiss"]
[EventRounds "11"]
[EventCountry "ENG"]
[SourceTitle "EXT 2020"]
[Source "ChessBase"]
[SourceDate "2019.10.17"]
[SourceVersion "1"]
[SourceVersionDate "2019.10.17"]
[SourceQuality "1"]
[WhiteTeam "Camberley Juniors"]
[BlackTeam "Poisoned Pawns II"]
[WhiteTeamCountry "ENG"]
[BlackTeamCountry "ENG"]

1. e4 g6 2. d4 Bg7 3. Nf3 d6 4. Be3 Nf6 5. Nbd2 0-0 6. Bc4 Nc6 7. c3 e5 8. 0-0 h6 9. h3 Bd7 10. Re1 Qe7 11. Qc2 a6 12. a3 Rae8 13. Rad1 Qd8 14. Nf1 exd4 15. cxd4 Nxe4 16. Bxh6 Bxh6 17. Rxe4 Bf5 18. Rxe8 Bxc2 19. Rxd8 Rxd8 20. Re1 d5 21. Ba2 Be4 22. N1d2 Bf5 23. g4 Be6 24. Nb3 b6 25. Kg2 Kf8 26. Nc1 Bg7 27. Ne2 Na5 28. Nf4 Rd6 29. Ng5 Bc8 30. Bxd5 Rxd5 31. Nxd5 Bb7 32. Kg3 Bxd5 33. b4 Nc6 34. h4 Bxd4 35. h5 gxh5 36. gxh5 Kg7 37. f4 Bb2 38. Rd1 Ne7 39. Kg4 Bxa3 40. f5 f6 41. Nh3 Bxb4 42. Nf4 Bc4 43. Rd7 Bf7 44. Ng6 Bxg6 45. fxg6 Bd6 46. Rd8 a5 47. Ra8 Bb4 48. Ra7 c6 49. Ra8 b5 50. Ra7 a4 51. Ra8 a3 52. Ra7 Bc5 53. Ra5 Bd6 0-1

[Event "BCF-chT4S 1617 (4NCL)"]
[Site "England"]
[Date "2017.03.18"]
[Round "7.74"]
[White "Finn, Daniel"]
[Black "McCorry, Robert T"]
[Result "0-1"]
[WhiteElo "1521"]
[BlackElo "1983"]
[PlyCount "188"]
[EventDate "2016.11.26"]
[EventType "team-swiss"]
[EventRounds "11"]
[EventCountry "ENG"]
[SourceTitle "EXT 2019"]
[Source "ChessBase"]
[SourceDate "2018.10.10"]
[SourceVersion "1"]
[SourceVersionDate "2018.10.10"]
[SourceQuality "1"]
[WhiteTeam "Sussex Martlets III"]
[BlackTeam "Poisoned Pawns II"]
[WhiteTeamCountry "ENG"]
[BlackTeamCountry "ENG"]

1. d4 Nf6 2. Nf3 g6 3. c4 Bg7 4. Nc3 d5 5. Bf4 0-0 6. e3 c5 7. Be2 cxd4 8. Nxd4 Nc6 9. Nf3 Qa5 10. 0-0 Rd8 11. Qb3 e5 12. Nxe5 Nxe5 13. Bxe5 dxc4 14. Qb5 Qxb5 15. Nxb5 Bd7 16. Bxc4 Bxb5 17. Bxb5 Rd5 18. Bxf6 Bxf6 19. Bc4 Rc5 20. Bb3 Bxb2 21. Rad1 Rc7 22. Rd2 Bc3 23. Rd3 b5 24. Rfd1 Re8 25. g3 a5 26. Rd7 Re7 27. Rxe7 Rxe7 28. a4 bxa4 29. Bxa4 Re4 30. Rd8+ Kg7 31. Be8 Re7 32. Ra8 Kf6 33. Kf1 Ke5 34. Rd8 Ra7 35. Rd7 Rxd7 36. Bxd7 Kd6 37. Be8 f6 38. Ke2 Kc5 39. Kd3 Kb4 40. Kc2 Be1 41. f3 a4 42. e4 a3 43. Bf7 Bf2 44. g4 g5 45. h3 Bg3 46. Bg8 h6 47. Bd5 Bf4 48. Bf7 Kc5 49. Kd3 Bc1 50. Ba2 Kd6 51. Kd4 Bb2+ 52. Kd3 Ke5 53. Bd5 Kf4 54. Ke2 Kg3 55. Ba2 Kxh3 56. Bd5 Kg3 57. Bb3 Kf4 58. Ba2 Be5 59. Bb3 Bd6 60. Ba2 Bb4 61. Bb3 Ke5 62. Kd3 Bf8 63. Ba2 Kf4 64. Ke2 Bc5 65. Bb3 Kg3 66. Ba2 Kh4 67. Bf7 Bd6 68. Kf2 Kh3 69. Ke2 Bc5 70. Bb3 Kg3 71. Ba2 Kf4 72. Bb3 Ke5 73. Kd3 Kd6 74. Kc4 Be3 75. Ba2 Bc1 76. Bb3 Ke7 77. Kd3 Kf8 78. Kc2 Kg7 79. Kd3 Bb2 80. Ke2 Kg6 81. Kd3 h5 82. gxh5+ Kxh5 83. Ba2 Kh4 84. Ke2 Kg3 85. Bb3 Kf4 86. Bd5 Ke5 87. Kd3 f5 88. Ba2 fxe4+ 89. fxe4 g4 90. Bd5 Bd4 91. Ke2 Kf4 92. Kf1 Kg3 93. Be6 Kf3 94. Bd5 Be5 0-1

[Event "BCF-chT3Sb 1516 (4NCL)"]
[Site "England"]
[Date "2016.03.19"]
[Round "7.128"]
[White "Garnett, John S"]
[Black "McCorry, Robert T"]
[Result "1/2-1/2"]
[WhiteElo "1969"]
[BlackElo "2022"]
[PlyCount "60"]
[EventDate "2015.11.14"]
[EventType "team-swiss"]
[EventRounds "7"]
[EventCountry "ENG"]
[SourceTitle "EXT 2017"]
[Source "ChessBase"]
[SourceDate "2016.10.25"]
[SourceVersion "1"]
[SourceVersionDate "2016.10.25"]
[SourceQuality "1"]
[WhiteTeam "Ashfield Breadsall"]
[BlackTeam "Poisoned Pawns"]
[WhiteTeamCountry "ENG"]
[BlackTeamCountry "ENG"]

1. d4 g6 2. Nf3 Bg7 3. c4 d6 4. Nc3 Nf6 5. g3 0-0 6. Bg2 Nc6 7. 0-0 a6 8. b3 Rb8 9. a4 Bg4 10. h3 Bxf3 11. Bxf3 Nd7 12. e3 e5 13. dxe5 Ndxe5 14. Bb2 Nxf3+ 15. Qxf3 Na5 16. Qd1 Qd7 17. Kh2 Qf5 18. Nd5 Qd7 19. Nf6+ Bxf6 20. Bxf6 Qe6 21. Bc3 Nc6 22. Qe2 Rfe8 23. Rad1 b5 24. Qf3 Ne5 25. Bxe5 dxe5 26. axb5 axb5 27. Qd5 bxc4 28. bxc4 Rb4 29. Rc1 c6 30. Qxe6 Rxe6 1/2-1/2

[Event "BCF-chT3S 1415 (4NCL)"]
[Site "England"]
[Date "2015.01.11"]
[Round "4.109"]
[White "Paul, Nathanael"]
[Black "McCorry, Robert T"]
[Result "1-0"]
[WhiteElo "1910"]
[BlackElo "2061"]
[PlyCount "95"]
[EventDate "2014.11.15"]
[EventType "team-swiss"]
[EventRounds "6"]
[EventCountry "ENG"]
[SourceTitle "EXT 2016"]
[Source "ChessBase"]
[SourceDate "2015.10.08"]
[SourceVersion "1"]
[SourceVersionDate "2015.10.08"]
[SourceQuality "1"]
[WhiteTeam "Shropshire"]
[BlackTeam "Poisoned Pawns"]
[WhiteTeamCountry "ENG"]
[BlackTeamCountry "ENG"]

1. e4 c5 2. Nf3 d6 3. d4 cxd4 4. Nxd4 Nf6 5. Nc3 a6 6. Bg5 e6 7. Be2 Be7 8. Qd2 h6 9. Be3 Qc7 10. 0-0-0 Nbd7 11. f3 b5 12. g4 Nb6 13. h4 b4 14. Nb1 Nc4 15. Bxc4 Qxc4 16. g5 hxg5 17. hxg5 Rxh1 18. Rxh1 Nd7 19. b3 Qc7 20. Qxb4 Ne5 21. Rh8+ Bf8 22. Qd2 Ng6 23. Rh2 Bb7 24. Nc3 Rc8 25. Na4 d5 26. f4 dxe4 27. c4 Bd6 28. Ne2 Rd8 29. Qb2 Qe7 30. Qxg7 Ba3+ 31. Kc2 Rd3 32. Bd4 Qb4 33. Bc3 Qd6 34. Rh7 Rxc3+ 35. Qxc3 Bb4 36. Qe3 e5 37. f5 Nf4 38. Rh8+ Kd7 39. Nec3 Nd3 40. Nb6+ Kc6 41. Qxe4+ Kxb6 42. Qxd3 e4 43. Qxd6+ Bxd6 44. Rh7 e3 45. Kd3 Bf4 46. g6 fxg6 47. fxg6 Be5 48. g7 1-0

[Event "BCF-chT3S 1415 (4NCL)"]
[Site "England"]
[Date "2014.11.15"]
[Round "1.59"]
[White "McCorry, Robert T"]
[Black "Anilkumar, Anantha P"]
[Result "1-0"]
[WhiteElo "2051"]
[BlackElo "1727"]
[PlyCount "57"]
[EventDate "2014.11.15"]
[EventType "team-swiss"]
[EventRounds "6"]
[EventCountry "ENG"]
[SourceTitle "CBM 163 Extra"]
[Source "ChessBase"]
[SourceDate "2014.12.23"]
[SourceVersion "1"]
[SourceVersionDate "2014.12.23"]
[SourceQuality "1"]
[WhiteTeam "Poisoned Pawns"]
[BlackTeam "KJCA Knights"]
[WhiteTeamCountry "ENG"]
[BlackTeamCountry "ENG"]

1. Nf3 Nf6 2. c4 g6 3. d4 Bg7 4. g3 0-0 5. Bg2 d5 6. cxd5 Nxd5 7. 0-0 Bg4 8. h3 Bxf3 9. Bxf3 c6 10. Nc3 Nxc3 11. bxc3 Nd7 12. Rb1 Qc7 13. Ba3 Rfe8 14. Qb3 Rab8 15. Rfd1 b6 16. Qa4 b5 17. Qc2 c5 18. dxc5 Ne5 19. Bg2 Nc4 20. Qb3 Rec8 21. c6 Na5 22. Qd5 Qxc6 23. Bxe7 Bxc3 24. Qd3 Qc4 25. Bd5 Qxd3 26. Rxd3 b4 27. Rf3 Rf8 28. Bxf8 Rxf8 29. a3 1-0

[Event "BCF-chT2a 1314 (4NCL)"]
[Site "England"]
[Date "2014.03.22"]
[Round "7.16"]
[White "Pitcher, John"]
[Black "McCorry, Robert T"]
[Result "0-1"]
[WhiteElo "2251"]
[BlackElo "2038"]
[PlyCount "104"]
[EventDate "2013.11.16"]
[EventType "team-swiss"]
[EventRounds "11"]
[EventCountry "ENG"]
[SourceTitle "EXT 2015"]
[Source "ChessBase"]
[SourceDate "2014.11.20"]
[SourceVersion "1"]
[SourceVersionDate "2014.11.20"]
[SourceQuality "1"]
[WhiteTeam "Warwicks Select"]
[BlackTeam "Poisoned Pawns"]
[WhiteTeamCountry "ENG"]
[BlackTeamCountry "ENG"]

1. e4 e5 2. Bc4 Nc6 3. Nc3 Nf6 4. d3 Na5 5. Nge2 Nxc4 6. dxc4 Bc5 7. Qd3 a6 8. 0-0 h6 9. Be3 Bxe3 10. Qxe3 0-0 11. c5 d6 12. Rad1 Be6 13. Rd2 Ng4 14. Qg3 Qg5 15. Rdd1 dxc5 16. Nd5 c6 17. Nb6 Rad8 18. h3 Nf6 19. Qxg5 hxg5 20. Nc3 Rd4 21. b3 Rfd8 22. f3 Nd7 23. Nxd7 R8xd7 24. Rc1 b5 25. Rfe1 f6 26. Kh2 Kf7 27. Kg3 Rd2 28. Re2 a5 29. Kf2 c4 30. Ke1 Rxe2+ 31. Kxe2 Ke7 32. Nb1 Kd8 33. Nd2 cxb3 34. cxb3 Kc7 35. Ke3 Kb6 36. Rc2 Rd4 37. Rc3 c5 38. Rc2 a4 39. Rb2 axb3 40. axb3 Ka5 41. Rc2 Kb4 42. Rc1 Rd7 43. Rc2 Bxb3 44. Nxb3 Kxb3 45. Rxc5 b4 46. g3 Kb2 47. h4 gxh4 48. gxh4 b3 49. h5 Ka1 50. Ra5+ Kb1 51. Rb5 b2 52. Rb6 Rc7 0-1

[Event "BCF-chT2a 1314 (4NCL)"]
[Site "England"]
[Date "2014.01.11"]
[Round "3.37"]
[White "McCorry, Robert T"]
[Black "Gill, Oliver"]
[Result "0-1"]
[WhiteElo "2061"]
[BlackElo "1981"]
[PlyCount "106"]
[EventDate "2013.11.16"]
[EventType "team-swiss"]
[EventRounds "11"]
[EventCountry "ENG"]
[SourceTitle "EXT 2015"]
[Source "ChessBase"]
[SourceDate "2014.11.20"]
[SourceVersion "1"]
[SourceVersionDate "2014.11.20"]
[SourceQuality "1"]
[WhiteTeam "Poisoned Pawns"]
[BlackTeam "Wessex"]
[WhiteTeamCountry "ENG"]
[BlackTeamCountry "ENG"]

1. c4 b6 2. Nc3 Bb7 3. e4 e5 4. Nf3 Nc6 5. Be2 Bc5 6. 0-0 d6 7. a3 a5 8. Na4 Nge7 9. Nxc5 bxc5 10. d3 0-0 11. Ng5 h6 12. Nh3 f5 13. f4 fxe4 14. dxe4 exf4 15. Nxf4 Nd4 16. Bd3 Nec6 17. Be3 Qd7 18. Rc1 Rf7 19. Ng6 Rxf1+ 20. Qxf1 Qg4 21. Bxd4 cxd4 22. Qf5 Qxf5 23. exf5 Ne5 24. Bb1 Nxg6 25. fxg6 Re8 26. c5 dxc5 27. Ba2+ Kh8 28. Rxc5 d3 29. Rxc7 d2 30. Bb3 Bd5 31. Ba4 d1Q+ 32. Bxd1 Re1+ 33. Kf2 Rxd1 34. Rc8+ Bg8 35. Ra8 Rd2+ 36. Kg3 Rxb2 37. Rxa5 Rb6 38. Ra8 Rxg6+ 39. Kf2 Kh7 40. g3 Rc6 41. g4 Rc2+ 42. Kg3 Rg2+ 43. Kh3 Rg1 44. Ra6 Bc4 45. Ra4 Be6 46. Re4 Bc8 47. Rc4 Ba6 48. Ra4 Bf1+ 49. Kh4 Rg2 50. Kh3 g5 51. Ra7+ Kg8 52. Ra8+ Kf7 53. Ra7+ Ke8 0-1

[Event "BCF-chT2a 1213 (4NCL)"]
[Site "England"]
[Date "2013.02.24"]
[Round "6.227"]
[White "McCorry, Robert T"]
[Black "David, Ivan"]
[Result "1/2-1/2"]
[WhiteElo "2076"]
[BlackElo "1777"]
[PlyCount "128"]
[EventDate "2012.11.03"]
[EventType "team-tourn"]
[EventRounds "7"]
[EventCountry "ENG"]
[SourceTitle "EXT 2014"]
[Source "ChessBase"]
[SourceDate "2013.11.20"]
[SourceVersion "1"]
[SourceVersionDate "2013.11.20"]
[SourceQuality "1"]
[WhiteTeam "Poisoned Pawns"]
[BlackTeam "Grantham Pandora's Box"]
[WhiteTeamCountry "ENG"]
[BlackTeamCountry "ENG"]

1. e4 c6 2. d4 d5 3. Nd2 dxe4 4. Nxe4 Nd7 5. Bc4 Ngf6 6. Ng5 e6 7. Qe2 Nb6 8. Bb3 h6 9. N5f3 c5 10. dxc5 Nbd7 11. Be3 Qa5+ 12. Bd2 Qc7 13. Ba4 Bxc5 14. Ne5 0-0 15. Ngf3 Bd6 16. Bxd7 Nxd7 17. Bc3 b5 18. Nxd7 Bxd7 19. a3 a5 20. 0-0 b4 21. Be5 Rab8 22. Bxd6 Qxd6 23. Rfd1 Qc7 24. axb4 axb4 25. Ne5 Bb5 26. Qe4 Rfc8 27. Rdc1 Be8 28. h3 f6 29. Nd3 Qc4 30. Qxc4 Rxc4 31. c3 bxc3 32. Rxc3 Rc6 33. Rxc6 Bxc6 34. Rc1 Bd5 35. Rc3 e5 36. f3 Bf7 37. b4 Bg6 38. Rb3 Bxd3 39. Rxd3 Rxb4 40. Rd7 h5 41. g3 Rb2 42. Ra7 Kh7 43. h4 Kh6 44. Ra6 Rd2 45. Rb6 Kg6 46. Rb7 f5 47. Rb6+ Kf7 48. Rb7+ Kf6 49. Rb6+ Ke7 50. Rb7+ Rd7 51. Rb6 Rd6 52. Rb7+ Kf6 53. Ra7 g6 54. Kf2 e4 55. fxe4 fxe4 56. Ra5 Re6 57. Ke3 Re5 58. Ra6+ Kf5 59. Rb6 Rd5 60. Ke2 Rd3 61. Kf2 Rf3+ 62. Kg2 Ra3 63. Rb5+ Kf6 64. Rb6+ Kf5 1/2-1/2

[Event "BCF-chT2a 1213 (4NCL)"]
[Site "England"]
[Date "2013.01.12"]
[Round "3.36"]
[White "McCorry, Robert T"]
[Black "Gregory, Keith D"]
[Result "0-1"]
[WhiteElo "2076"]
[BlackElo "2047"]
[PlyCount "174"]
[EventDate "2012.11.03"]
[EventType "team-tourn"]
[EventRounds "7"]
[EventCountry "ENG"]
[SourceTitle "EXT 2014"]
[Source "ChessBase"]
[SourceDate "2013.11.20"]
[SourceVersion "1"]
[SourceVersionDate "2013.11.20"]
[SourceQuality "1"]
[WhiteTeam "Poisoned Pawns"]
[BlackTeam "Wessex"]
[WhiteTeamCountry "ENG"]
[BlackTeamCountry "ENG"]

1. e4 d6 2. d4 Nf6 3. Nc3 Nbd7 4. Nf3 e5 5. Bc4 Be7 6. 0-0 c6 7. a4 h6 8. Re1 Qc7 9. h3 g5 10. Be3 Rg8 11. Qd2 Nf8 12. dxe5 dxe5 13. Qd3 Ne6 14. a5 Nf4 15. Bxf4 gxf4 16. Nh4 Bb4 17. a6 b6 18. Nf5 Bxf5 19. exf5 Rd8 20. Qf3 Kf8 21. Red1 Kg7 22. Ne4 Be7 23. Nxf6 Bxf6 24. Qg4+ Kh7 25. Qh5 Kg7 26. Rxd8 Rxd8 27. Rd1 Rd7 28. c3 b5 29. Bb3 Qd8 30. Qg4+ Kh7 31. Rxd7 Qxd7 32. Qe2 Kg7 33. Bc2 Qc8 34. Be4 Qxa6 35. Qd2 Qc8 36. Qd6 c5 37. b4 cxb4 38. cxb4 Qc1+ 39. Kh2 Qe1 40. f3 Qg3+ 41. Kh1 Qe1+ 42. Kh2 Qc3 43. Bd5 Qc8 44. Bc6 Qd8 45. Qc5 Qd4 46. Bxb5 Bh4 47. Qc4 Bg3+ 48. Kh1 Qd1+ 49. Qf1 Qe1 50. Bd3 Qxb4 51. Qa1 Qc5 52. Qa6 Bh4 53. Kh2 Qd4 54. Bc4 Qc5 55. Bd3 Qb6 56. Qc4 Qd4 57. Qa6 Bd8 58. Qc4 Qxc4 59. Bxc4 Bb6 60. g3 fxg3+ 61. Kxg3 Be3 62. Kg2 a5 63. Kf1 a4 64. Ke2 Bf4 65. Kd3 f6 66. Kc2 Be3 67. Bb5 a3 68. Bc4 Bc5 69. Kd3 Bd6 70. Ke4 Kf8 71. Kd5 Ke7 72. Ba2 Bb4 73. Ke4 Bd2 74. Kd5 Bc3 75. Kc6 Kf8 76. Kd7 Kg7 77. Ke6 h5 78. Bb3 Kh6 79. h4 Kg7 80. Kd5 Be1 81. Ke4 Bxh4 82. f4 exf4 83. Kxf4 Bg5+ 84. Kf3 Kf8 85. Ke4 Ke7 86. Kd5 h4 87. Ke4 Kd6 0-1

[Event "BCF-chT2a 1213 (4NCL)"]
[Site "England"]
[Date "2012.11.03"]
[Round "1.27"]
[White "Smith, Olivia"]
[Black "McCorry, Robert T"]
[Result "0-1"]
[WhiteElo "2018"]
[BlackElo "2076"]
[PlyCount "80"]
[EventDate "2012.11.03"]
[EventType "team-tourn"]
[EventRounds "7"]
[EventCountry "ENG"]
[SourceTitle "EXT 2014"]
[Source "ChessBase"]
[SourceDate "2013.11.20"]
[SourceVersion "1"]
[SourceVersionDate "2013.11.20"]
[SourceQuality "1"]
[WhiteTeam "Rhyfelwyr Essyllwg"]
[BlackTeam "Poisoned Pawns"]
[WhiteTeamCountry "ENG"]
[BlackTeamCountry "ENG"]

1. Nf3 d5 2. g3 c6 3. Bg2 Bg4 4. d3 Nd7 5. h3 Bh5 6. Nbd2 e5 7. c4 Ngf6 8. 0-0 Bd6 9. Nh4 a5 10. Nf5 Bf8 11. Re1 Bg6 12. e4 Bxf5 13. exf5 Bd6 14. g4 h6 15. d4 0-0 16. cxd5 cxd5 17. dxe5 Nxe5 18. Nf3 Nxf3+ 19. Qxf3 Qb6 20. h4 Rfe8 21. Rd1 Bc5 22. Rb1 Ne4 23. Be3 d4 24. Bf4 d3 25. Rxd3 Nxf2 26. Rb3 Nxg4+ 27. Kh1 Nf2+ 28. Kh2 Qf6 29. Bg3 Ne4 30. Qg4 Nd2 31. Bxb7 Rad8 32. Rd1 Nxb3 33. axb3 Rxd1 34. Qxd1 Qxf5 35. Bc6 Rc8 36. Bb7 Re8 37. Bc6 Re3 38. Qd8+ Kh7 39. Qd2 Qg4 40. Qc2+ g6 0-1

[Event "Leicester Atkins op"]
[Site "Leicester"]
[Date "2012.09.30"]
[Round "4"]
[White "McCorry, Robert T"]
[Black "Burrows, Martin P"]
[Result "0-1"]
[WhiteElo "2053"]
[BlackElo "2108"]
[PlyCount "84"]
[EventDate "2012.09.28"]
[EventType "swiss"]
[EventRounds "5"]
[EventCountry "ENG"]
[SourceTitle "CBM 150 Extra"]
[Source "ChessBase"]
[SourceDate "2012.10.19"]
[SourceVersion "1"]
[SourceVersionDate "2012.10.19"]
[SourceQuality "1"]

1. e4 c5 2. Nf3 d6 3. d4 cxd4 4. Nxd4 Nf6 5. Nc3 a6 6. Be2 e5 7. Nb3 Be7 8. Be3 Be6 9. 0-0 0-0 10. f4 exf4 11. Rxf4 Nc6 12. Nd5 Bxd5 13. exd5 Ne5 14. c4 Nfd7 15. Qd2 Rc8 16. Rc1 Bg5 17. Rf2 Bxe3 18. Qxe3 Re8 19. Qf4 Qe7 20. Nd4 g6 21. b3 Qf8 22. h4 h5 23. Rc3 Kh7 24. Nf5 Rc7 25. Rg3 Nf6 26. Rg5 Nfg4 27. Bxg4 Nxg4 28. Nxd6 Re1+ 29. Rf1 Rxf1+ 30. Kxf1 f6 31. Rxg4 hxg4 32. Ne4 Rf7 33. c5 Kg7 34. d6 Qd8 35. b4 Qd7 36. Nc3 Rf8 37. a4 Re8 38. b5 Qe6 39. Qd2 Qc4+ 40. Kg1 Qxc5+ 41. Kh1 g3 42. bxa6 Rh8 0-1

[Event "Margate Thanet op"]
[Site "Margate"]
[Date "2012.08.19"]
[Round "4"]
[White "Rayner, Francis"]
[Black "McCorry, Robert T"]
[Result "1-0"]
[WhiteElo "2160"]
[BlackElo "2053"]
[PlyCount "65"]
[EventDate "2012.08.17"]
[EventType "swiss"]
[EventRounds "5"]
[EventCountry "ENG"]
[SourceTitle "EXT 2019"]
[Source "ChessBase"]
[SourceDate "2018.10.10"]
[SourceVersion "1"]
[SourceVersionDate "2018.10.10"]
[SourceQuality "1"]

1. c4 c6 2. Nf3 d5 3. e3 Nf6 4. Nc3 Bg4 5. cxd5 Nxd5 6. d4 e6 7. Be2 Nd7 8. e4 N5f6 9. 0-0 Be7 10. Be3 0-0 11. Qc2 Bxf3 12. Bxf3 e5 13. d5 cxd5 14. exd5 Nb6 15. Rad1 Nc4 16. Bc1 Rc8 17. Rfe1 Bd6 18. Bg5 h6 19. Bh4 Qe7 20. Bg4 Rc7 21. Qf5 g5 22. Bxg5 hxg5 23. Qxg5+ Kh8 24. Qh6+ Nh7 25. Nb5 Qf6 26. Qh5 Re7 27. Bf5 Qg7 28. Re4 f6 29. Rxc4 Bb8 30. d6 Ree8 31. Rg4 Qf7 32. Bg6 Qd7 33. Rh4 1-0